[Event "Lliga Catalana DH Final B"]
[Site "?"]
[Date "2015.03.21"]
[Round "8.4"]
[White "Ayas Fernandez, A."]
[Black "Cervello Tost, F."]
[Result "1/2-1/2"]
[WhiteElo "2341"]
[BlackElo "2318"]
[PlyCount "111"]
[EventDate "2015.??.??"]
[EventType "team"]

1. e4 c6 2. d4 d5 3. e5 c5 4. dxc5 Nc6 5. Bb5 e6 6. Be3 Bd7 7. Bxc6 Bxc6 8. Nf3
Ne7 9. c3 Nf5 10. Bd4 Nxd4 11. Qxd4 Qc7 12. Nbd2 Be7 13. b4 O-O 14. O-O b6 15.
cxb6 axb6 16. a3 Bb5 17. Rac1 Rfc8 18. Qe3 Ra4 19. Nd4 Bc4 20. f4 h6 21. N2f3
Rca8 22. f5 exf5 23. Nxf5 Bf8 24. N3d4 g6 25. Nxh6+ Bxh6 26. Qxh6 Qxe5 27. Rfe1
Qf6 28. h3 Bd3 29. Re3 Be4 30. Rf1 Qe5 31. Nf3 Qg7 32. Qxg7+ Kxg7 33. Ng5 f5
34. Nxe4 dxe4 35. g4 fxg4 36. hxg4 Rxa3 37. g5 Re8 38. Rf4 Re5 39. Rg4 Ra1+ 40.
Kg2 Ra2+ 41. Kg3 Rc2 42. Kf4 Re8 43. Rxe4 Rf8+ 44. Ke3 Rxc3+ 45. Kd4 Rc7 46.
Kd5 Rd8+ 47. Ke6 Rcd7 48. Rc4 Rd6+ 49. Ke5 Rd5+ 50. Ke4 R8d7 51. Rc7 Rd4+ 52.
Ke3 Rd3+ 53. Ke2 Rd2+ 54. Ke3 R2d3+ 55. Ke2 Rd2+ 56. Ke3 1/2-1/2

[Event "Lliga Catalana DH Final B"]
[Site "?"]
[Date "2015.03.14"]
[Round "8.5"]
[White "Ayza Leon, D."]
[Black "Escobar Torres, A."]
[Result "1/2-1/2"]
[WhiteElo "2318"]
[BlackElo "2341"]
[PlyCount "139"]
[EventDate "2015.??.??"]
[EventType "team"]

1. e4 e5 2. Nf3 Nc6 3. Bc4 d6 4. c3 h6 5. O-O Nf6 6. d3 Be7 7. Re1 O-O 8. Nbd2
Bd7 9. b4 Nh7 10. Nf1 Ng5 11. Ne3 Be6 12. Nd2 Qd7 13. Qb3 a6 14. Ndf1 Rfe8 15.
Ng3 Bf8 16. h4 Nh7 17. Nef5 Ne7 18. f4 exf4 19. Bxf4 Nxf5 20. Nxf5 Bxf5 21.
exf5 c6 22. d4 Rxe1+ 23. Rxe1 Qxf5 24. Rf1 d5 25. Be2 Qe6 26. Qd1 Nf6 27. Be5
Ne4 28. Bg4 Qe7 29. Qe1 Re8 30. Bf3 Nd6 31. Qf2 Nc4 32. Bf4 g6 33. Bc1 Bg7 34.
h5 g5 35. Bd1 Nd6 36. Bc2 Qe6 37. Qf3 Rf8 38. g4 Ne4 39. Re1 Re8 40. Kg2 Bf8
41. a3 Bd6 42. Bb1 Bc7 43. Re2 Kg7 44. Bc2 b5 45. Bb1 Qd6 46. Bxe4 dxe4 47.
Rxe4 Rxe4 48. Qxe4 Qg3+ 49. Kf1 Qxc3 50. Be3 Qc4+ 51. Kf2 Qe6 52. Qxe6 fxe6 53.
Kf3 Kf6 54. Ke4 Bg3 55. Bd2 Bf2 56. Bc3 Ke7 57. Bd2 Kd7 58. Ke5 Bg3+ 59. Ke4
Ke7 60. Be3 a5 61. Bd2 axb4 62. Bxb4+ Bd6 63. Bc5 Bxc5 64. dxc5 Kf6 65. Kd4 e5+
66. Ke3 Ke7 67. Kd3 Kd7 68. Ke3 Ke6 69. Ke4 Kf6 70. Ke3 1/2-1/2

[Event "Lliga Catalana DH Final B"]
[Site "?"]
[Date "2015.03.14"]
[Round "8.6"]
[White "Maroto Borras, JL."]
[Black "Capellades Subirana, M."]
[Result "0-1"]
[WhiteElo "2205"]
[BlackElo "2295"]
[PlyCount "84"]
[EventDate "2015.??.??"]
[EventType "team"]

1. d4 Nf6 2. g3 g6 3. Bg2 d5 4. Nf3 Bg7 5. O-O O-O 6. c4 dxc4 7. Na3 Be6 8. Ng5
Bd5 9. e4 h6 10. exd5 hxg5 11. d6 c6 12. Bxg5 Qxd6 13. Nxc4 Qb4 14. Qc2 b5 15.
Ne5 Qxd4 16. Rfe1 Nd5 17. Rad1 Qb6 18. Rxd5 cxd5 19. Bxd5 e6 20. Bxa8 Bxe5 21.
Rxe5 Nd7 22. Re1 Rxa8 23. Qd2 Qb7 24. Rd1 Ne5 25. Qe3 Nf3+ 26. Kf1 Nxg5 27.
Qxg5 Qh1+ 28. Ke2 Qxh2 29. Rd8+ Rxd8 30. Qxd8+ Kh7 31. Qd7 Qh5+ 32. Kf1 Qh1+
33. Ke2 Qe4+ 34. Kf1 Qc4+ 35. Kg1 Kg7 36. Qxa7 Qc1+ 37. Kg2 Qxb2 38. a3 Qe5 39.
Qe7 Qd5+ 40. Kg1 e5 41. Qb4 e4 42. a4 Qd1+ 0-1

[Event "Lliga Catalana DH Final B"]
[Site "?"]
[Date "2015.03.14"]
[Round "8.7"]
[White "Serra Fontova, F."]
[Black "Almirall Botella, J."]
[Result "0-1"]
[WhiteElo "2272"]
[BlackElo "2178"]
[PlyCount "50"]
[EventDate "2015.??.??"]
[EventType "team"]

1. e4 c6 2. Nc3 d5 3. Nf3 Bg4 4. h3 Bxf3 5. Qxf3 e6 6. d3 Nf6 7. g4 Be7 8. Bd2
b5 9. Bg2 Nbd7 10. g5 Ne5 11. Qg3 Nh5 12. Qh4 g6 13. f4 Nd7 14. Qg4 Bd6 15.
O-O-O O-O 16. Kb1 a5 17. Ne2 a4 18. Nd4 Qb6 19. Nxe6 Rfc8 20. exd5 b4 21. dxc6
b3 22. cxb3 axb3 23. cxd7 bxa2+ 24. Ka1 Rc2 25. Bc1 Ba3 0-1

[Event "Lliga Catalana DH Final B"]
[Site "?"]
[Date "2015.03.14"]
[Round "8.8"]
[White "Roca Diaz, MA."]
[Black "Garcia Ramos, D."]
[Result "0-1"]
[WhiteElo "2173"]
[BlackElo "2260"]
[PlyCount "68"]
[EventDate "2015.??.??"]
[EventType "team"]

1. d4 f5 2. g3 e6 3. Bg2 Nf6 4. Nf3 d6 5. c4 Be7 6. Nc3 O-O 7. O-O Qe8 8. Ne1
e5 9. dxe5 dxe5 10. Nd5 Bd8 11. e4 Nxe4 12. Qc2 Nf6 13. b3 c6 14. Ne3 g6 15.
Nd3 Bc7 16. c5 e4 17. Ne1 Be6 18. Bb2 Nbd7 19. f3 exf3 20. Nxf3 Ne4 21. Rae1
Ndxc5 22. Ng5 Nxg5 23. Qxc5 Nf7 24. Nc4 Qd7 25. Rd1 Qe8 26. Qd4 Ne5 27. Qc3
Bxc4 28. bxc4 Qe6 29. Rfe1 Rfe8 30. Re3 Re7 31. Rde1 Rae8 32. Kf1 Kf7 33. a4
Qxc4+ 34. Kf2 Qxc3 0-1

[Event "Lliga Catalana DH Final B"]
[Site "?"]
[Date "2015.03.14"]
[Round "8.9"]
[White "Ezquerro Luque, A."]
[Black "Fabregat Planella, J."]
[Result "1/2-1/2"]
[WhiteElo "2257"]
[BlackElo "1984"]
[PlyCount "71"]
[EventDate "2015.??.??"]
[EventType "team"]

1. e4 c5 2. Nc3 e6 3. g3 Nc6 4. Bg2 Nf6 5. Nge2 d5 6. d3 d4 7. Nb1 e5 8. h3 Be6
9. f4 exf4 10. gxf4 Nh5 11. O-O g6 12. Bd2 Bh6 13. f5 Bxd2 14. Nxd2 Bc8 15. Nc4
O-O 16. Qd2 Kg7 17. Nf4 Nxf4 18. Qxf4 f6 19. fxg6 hxg6 20. Qg3 Be6 21. Nd2 Ne5
22. b3 Qb8 23. a4 Nf7 24. Kh2 Qxg3+ 25. Kxg3 Rae8 26. Rg1 Ne5 27. Raf1 b6 28.
Rf2 Rh8 29. Rgf1 Ref8 30. Nf3 Nxf3 31. Rxf3 Rh6 32. Rf4 g5 33. R4f2 Rfh8 34.
Rh1 Rh4 35. Rf3 Kg6 36. Rhf1 1/2-1/2

[Event "Lliga Catalana DH Final B"]
[Site "?"]
[Date "2015.03.14"]
[Round "8.10"]
[White "Molina Wheatley, E."]
[Black "Povill Claros, X."]
[Result "0-1"]
[WhiteElo "1938"]
[BlackElo "2201"]
[PlyCount "44"]
[EventDate "2015.??.??"]
[EventType "team"]

1. e4 c6 2. d4 d5 3. exd5 cxd5 4. Bd3 Nc6 5. c3 Qc7 6. Ne2 Bg4 7. f3 Bd7 8. Bf4
e5 9. dxe5 Nxe5 10. Bc2 Bc6 11. Ba4 Nf6 12. Nd4 Bd6 13. Nb5 Bxb5 14. Bxb5+ Nc6
15. Bxd6 Qxd6 16. Qe2+ Kf8 17. O-O Qc5+ 18. Kh1 Re8 19. Qd3 Re3 20. b4 Qb6 21.
Qd2 Qxb5 22. Na3 Qd3 0-1

[Event "Lliga Catalana DH Final B"]
[Site "?"]
[Date "2015.03.21"]
[Round "9.1"]
[White "Guerra Mendez, JA."]
[Black "Jerez Perez, A."]
[Result "1-0"]
[WhiteElo "2442"]
[BlackElo "2466"]
[PlyCount "59"]
[EventDate "2015.??.??"]
[EventType "team"]

1. e4 e6 2. d4 d5 3. Nc3 Nf6 4. e5 Nfd7 5. f4 c5 6. Nf3 Nc6 7. Be3 Be7 8. Qd2
O-O 9. dxc5 Bxc5 10. O-O-O Qa5 11. a3 Rb8 12. Bxc5 Nxc5 13. Qe3 Bd7 14. f5 exf5
15. Rxd5 b6 16. Bb5 Rbc8 17. Nd2 Nxe5 18. Bxd7 Nexd7 19. Nc4 Qa6 20. Nd6 Rcd8
21. Nxf5 Nf6 22. Rxd8 Rxd8 23. Nxg7 Qc8 24. Rf1 Ng4 25. Qg5 f6 26. Rxf6 Nxf6
27. Nh5+ Kf7 28. Qxf6+ Ke8 29. Qg7 Rd6 30. Nf6+ 1-0

[Event "Lliga Catalana DH Final B"]
[Site "?"]
[Date "2015.03.21"]
[Round "9.2"]
[White "Granados Gomez, M."]
[Black "Oratovsky, M."]
[Result "0-1"]
[WhiteElo "2442"]
[BlackElo "2530"]
[PlyCount "134"]
[EventDate "2015.??.??"]
[EventType "team"]

1. c4 e5 2. g3 Nf6 3. Bg2 c6 4. d4 e4 5. a3 d5 6. Nc3 Bd6 7. h4 h6 8. Nh3 Na6
9. Nf4 Nc7 10. c5 Be7 11. b4 O-O 12. e3 Bg4 13. f3 exf3 14. Bxf3 Qd7 15. Nd3
Bxf3 16. Qxf3 Ng4 17. Ne2 Ne8 18. O-O Nef6 19. Qf5 Qxf5 20. Rxf5 Ne4 21. Rb1 a6
22. a4 g6 23. Rf3 Rfe8 24. Ndf4 g5 25. Ng2 Bf8 26. Rf5 Kg7 27. Rf3 Be7 28. Rb3
Bd8 29. Rd3 Bc7 30. Rd1 Re6 31. Bd2 Rf6 32. Rxf6 Kxf6 33. Rf1+ Ke6 34. Be1 Rg8
35. Rf3 f5 36. Nc3 Ngf6 37. Ne2 Nh5 38. Kh2 Nhf6 39. Kg1 Nh5 40. Kh2 Kf6 41. a5
Ke6 42. Kg1 Kf6 43. g4 Ng7 44. hxg5+ hxg5 45. Bg3 Nxg3 46. Nxg3 Bxg3 47. Rxg3
Rh8 48. Rf3 Ke6 49. gxf5+ Nxf5 50. Rf1 Ng3 51. Re1 Rh1+ 52. Kf2 Ne4+ 53. Ke2
Rh2 54. Kf1 Rh1+ 55. Ke2 Rh2 56. Kf1 Rh7 57. Kg1 Rf7 58. Rf1 Rxf1+ 59. Kxf1 Kf5
60. Ne1 Nc3 61. Kf2 Ke4 62. Nf3 g4 63. Ng5+ Kd3 64. Ne6 Ne4+ 65. Kg2 Kxe3 66.
Nd8 Kxd4 67. Nxb7 Kc4 0-1

[Event "Lliga Catalana DH Final B"]
[Site "?"]
[Date "2015.03.21"]
[Round "9.3"]
[White "Hernando Rodrigo, JA."]
[Black "Torrecillas Martinez, A."]
[Result "1/2-1/2"]
[WhiteElo "2400"]
[BlackElo "2408"]
[PlyCount "78"]
[EventDate "2015.??.??"]
[EventType "team"]

1. d4 Nf6 2. c4 g6 3. Nc3 d5 4. cxd5 Nxd5 5. e4 Nxc3 6. bxc3 Bg7 7. Nf3 c5 8.
Rb1 O-O 9. Be2 cxd4 10. cxd4 Qa5+ 11. Bd2 Qxa2 12. O-O Bg4 13. Bg5 h6 14. Be3
Nc6 15. Rxb7 Rab8 16. Rxb8 Rxb8 17. d5 Ne5 18. d6 Bxf3 19. gxf3 exd6 20. f4 Nc6
21. Bf3 Qe6 22. Qa4 Rc8 23. f5 Qe8 24. fxg6 fxg6 25. Bg4 Rb8 26. Rc1 Ne5 27.
Qa2+ Kh7 28. Be6 Qe7 29. Kf1 Nd3 30. Rd1 Nc5 31. Bxc5 dxc5 32. Rd7 Qf6 33. Rf7
Qe5 34. Bd5 Qxh2 35. Rxg7+ Kxg7 36. Qa1+ Kh7 37. Qxa7+ Kh8 38. Qa1+ Kh7 39.
Qa7+ Kh8 1/2-1/2

[Event "Lliga Catalana DH Final B"]
[Site "?"]
[Date "2015.03.21"]
[Round "9.4"]
[White "Almeida Toledano, D."]
[Black "Escandell Mari, JC."]
[Result "0-1"]
[WhiteElo "2357"]
[BlackElo "2386"]
[PlyCount "50"]
[EventDate "2015.??.??"]
[EventType "team"]

1. e4 c5 2. b3 Nc6 3. Bb2 e6 4. Nc3 Nf6 5. Nf3 Qc7 6. Qe2 Be7 7. O-O-O O-O 8.
g4 Nxg4 9. Rg1 Qf4 10. Ng5 Nge5 11. Qh5 Bxg5 12. Rxg5 f6 13. Rg3 Nd4 14. Ne2
Qxe4 15. Nxd4 cxd4 16. Be2 Qf5 17. Qh4 d5 18. Rdg1 Rf7 19. Qxd4 Bd7 20. f4 Rc8
21. Rc3 Nc6 22. Qf2 e5 23. Qg2 Nb4 24. Kb1 Rxc3 25. dxc3 Nxc2 0-1

[Event "Lliga Catalana DH Final B"]
[Site "?"]
[Date "2015.03.21"]
[Round "9.5"]
[White "Bru Rullo, L."]
[Black "Ryan, J."]
[Result "1-0"]
[WhiteElo "2261"]
[BlackElo "2345"]
[PlyCount "97"]
[EventDate "2015.??.??"]
[EventType "team"]

1. e4 e6 2. d4 d5 3. Nd2 Nf6 4. e5 Nfd7 5. Bd3 c5 6. c3 Nc6 7. Ne2 cxd4 8. cxd4
f6 9. exf6 Nxf6 10. Nf3 Bd6 11. O-O Qc7 12. g3 O-O 13. Bf4 Ng4 14. Bxd6 Qxd6
15. Nc3 e5 16. dxe5 Qh6 17. h4 Ngxe5 18. Nxe5 Nxe5 19. Be2 Be6 20. Nb5 Rad8 21.
Nd4 Bh3 22. Re1 Qb6 23. Qd2 Nc6 24. Rad1 Rde8 25. Nf3 Kh8 26. Qxd5 Be6 27. Qh5
Bxa2 28. Bd3 Rxe1+ 29. Rxe1 Bg8 30. Re8 Rxe8 31. Qxe8 Qd8 32. Qe4 h6 33. h5 Qd5
34. Nh4 Qxe4 35. Bxe4 Bf7 36. Nf5 Nd8 37. Nd6 Bxh5 38. Bxb7 a5 39. f4 Nxb7 40.
Nxb7 a4 41. Nc5 Bd1 42. Kf2 Kg8 43. Ke1 Bc2 44. Kd2 Bf5 45. Nxa4 Kf7 46. b4 Kf6
47. Ke3 g5 48. fxg5+ hxg5 49. Kd4 1-0

[Event "Lliga Catalana DH Final B"]
[Site "?"]
[Date "2015.03.21"]
[Round "9.6"]
[White "Garrido Fernandez, D."]
[Black "Castellet Giralt, G."]
[Result "1/2-1/2"]
[WhiteElo "2326"]
[BlackElo "2286"]
[PlyCount "56"]
[EventDate "2015.??.??"]
[EventType "team"]

1. e4 c5 2. Nf3 g6 3. Bc4 Bg7 4. c3 d6 5. d4 cxd4 6. cxd4 Nf6 7. Nc3 O-O 8. Bb3
Bg4 9. h3 Bxf3 10. Qxf3 Nc6 11. Be3 Rc8 12. O-O Nd7 13. Rfd1 a6 14. Qe2 Na5 15.
f4 e6 16. e5 d5 17. Bc2 Nc4 18. Rab1 Qc7 19. Bd3 b5 20. Rdc1 Nxe3 21. Qxe3 Qb6
22. Ne2 f6 23. exf6 Bxf6 24. Kh1 Qd6 25. Rxc8 Rxc8 26. Rc1 Rxc1+ 27. Qxc1 Nb6
28. b3 Kf7 1/2-1/2

[Event "Lliga Catalana DH Final B"]
[Site "?"]
[Date "2015.03.21"]
[Round "9.8"]
[White "De la Riva Aguado, J."]
[Black "Valencia Jimenez, J."]
[Result "1/2-1/2"]
[WhiteElo "2306"]
[BlackElo "2185"]
[PlyCount "23"]
[EventDate "2015.??.??"]
[EventType "team"]

1. d4 c5 2. e3 d5 3. Nf3 Nf6 4. b3 cxd4 5. exd4 Qa5+ 6. Bd2 Qb6 7. Be3 Bg4 8.
h3 Bh5 9. g4 Bg6 10. Ne5 Nc6 11. Bg2 Be4 12. O-O 1/2-1/2

[Event "Lliga Catalana DH Final B"]
[Site "?"]
[Date "2015.03.21"]
[Round "9.9"]
[White "Comallonga Fernandez, J."]
[Black "Lopez Santana, O."]
[Result "0-1"]
[WhiteElo "2166"]
[BlackElo "2252"]
[PlyCount "60"]
[EventDate "2015.??.??"]
[EventType "team"]

1. d4 e6 2. Nf3 Nf6 3. c4 c5 4. Nc3 cxd4 5. Nxd4 Bb4 6. Ndb5 d5 7. Bf4 Na6 8.
e3 O-O 9. a3 Be7 10. cxd5 exd5 11. Be2 Be6 12. O-O Nc5 13. Rc1 a6 14. Nd4 Rc8
15. Bf3 Nce4 16. Bxe4 Nxe4 17. Nce2 Qd7 18. f3 Rxc1 19. Nxc1 Nd6 20. Nd3 Nc4
21. Qe2 Bf6 22. Rc1 Rc8 23. g4 h6 24. Bg3 Qe7 25. h3 Bxg4 26. Nf4 Qxe3+ 27.
Qxe3 Nxe3 28. Rxc8+ Bxc8 29. Nfe2 Bxh3 30. Kh2 Bf1 0-1

[Event "Lliga Catalana DH Final B"]
[Site "?"]
[Date "2015.03.21"]
[Round "9.10"]
[White "Masip Tresserra, O."]
[Black "Jimenez Ruano, A."]
[Result "0-1"]
[WhiteElo "2226"]
[BlackElo "2128"]
[PlyCount "86"]
[EventDate "2015.??.??"]
[EventType "team"]

1. Nf3 d5 2. g3 Nf6 3. Bg2 Bf5 4. d3 e6 5. O-O Be7 6. Nc3 O-O 7. Nh4 Bg4 8. h3
Bh5 9. Nf3 c5 10. e4 Nc6 11. g4 dxe4 12. dxe4 Bg6 13. e5 Ne4 14. Qe2 Nxc3 15.
bxc3 Qa5 16. Rb1 Rab8 17. Rb3 c4 18. Qxc4 Qxa2 19. Qe2 Qxc2 20. Qxc2 Bxc2 21.
Rb2 Be4 22. Re1 Bd5 23. Bf4 a5 24. Rbb1 a4 25. Nd2 a3 26. Rb5 Na7 27. Ra5 Bxg2
28. Kxg2 Ra8 29. Ra4 Nc6 30. Rae4 Na5 31. Be3 Rfd8 32. Ra4 Nc6 33. Re4 Rd3 34.
Rc4 a2 35. Ra1 Nxe5 36. Rc7 Rd7 37. Rxd7 Nxd7 38. Nb3 Bf6 39. Bd2 b5 40. Nc1 b4
41. g5 Nc5 42. Nxa2 b3 43. gxf6 bxa2 0-1